| 000 | 00824nab a2200241 u 4500 | ||
|---|---|---|---|
| 001 | 10368 | ||
| 003 | HDC | ||
| 007 | cr bn ---aaaaa | ||
| 008 | 210104c mydr|noo 0 a may d | ||
| 040 | _aHDC | ||
| 100 |
_aFitria Rahmadianti _eauthor _910486 |
||
| 245 | 0 |
_aBurger King Amerika Tak Lagi Jual Kentang Goreng Rendah Kalori / _cby Fitria Rahmadianti |
|
| 260 |
_a[No place] : _bDetik Food, _c[No year] |
||
| 336 |
_atext _2rdacontent |
||
| 337 |
_acomputer _2rdamedia |
||
| 338 |
_aonline resource _2rdacarrier |
||
| 650 |
_aHalal food _950 |
||
| 650 |
_aHalal industry _9144 |
||
| 856 | _zRequest full-text at [email protected] | ||
| 942 | _2lcc | ||
| 942 | _cNEWS | ||
| 942 | _kNWSO 000483 | ||
| 999 |
_c7691 _d7691 |
||